00337nam a2200145Ia 4500008004000000041000800040082001200048100001800060245003100078260003900109650001100148650001200159650001200171650000800183210210b1920 xxu||||| |||| 00| 0 eng d aeng a331/212 aSHIRRAS (G F) aIndian finance and banking aLondonbMacmillan & Co. Ltd.c1920 aIndian afinance abanking aand